| 000 | 00985nam0a22002651 4500 | ||
|---|---|---|---|
| 001 | rc\916937 | ||
| 005 | 20250622042406.0 | ||
| 035 | _a(NLR Aleph) 006091235 | ||
| 090 |
_a5161421 _c5161421 |
||
| 100 | _a20041129d1982 |||y0rusy50 ca | ||
| 101 | 0 | _arus | |
| 102 | _aRU | ||
| 105 | _aa ||||||||| | ||
| 200 | 1 |
_aДетонационные покрытия в машиностроении _fС.С. Бартенев, Ю.П. Федько, А.И. Григоров |
|
| 210 |
_aЛ. _cМашиностроение. Ленингр. отд-ние _d1982 |
||
| 215 |
_a215 с. _cил. _d22 |
||
| 320 | _aБиблиогр.: с. 211-213 (71 назв.) | ||
| 700 | 1 |
_aБартенев _bС.С. _gСветослав Сергеевич |
|
| 701 | 1 |
_aФедько _bЮ.П. _gЮрий Прокофьевич |
|
| 701 | 1 |
_aГригоров _bА.И. _gАлександр Иосифович |
|
| 801 | 0 |
_aRU _bNLR _gpsbo |
|
| 801 | 1 |
_aRU _bELAR _2rusmarc |
|
| 852 |
_aNLR _j82-5/3920 |
||
| 942 | _cBOOK | ||
| 980 | _aNB | ||